|
|
|
|
| LEADER |
00000nam a2200000 a 4500 |
| 001 |
vtls001339737 |
| 003 |
SK-MaSNL |
| 005 |
20260301160420.0 |
| 008 |
240315s1989 xr 0 cze |
| 035 |
|
|
|a SNK000292812
|
| 040 |
|
|
|a SNK
|b slo
|c SNK
|e AACR2
|
| 041 |
0 |
|
|a cze
|
| 044 |
|
|
|a CZ
|
| 080 |
|
|
|a 37.015.2(075.8)
|2 1981
|
| 080 |
|
|
|a 37.015.3(075.8)
|2 1981
|
| 100 |
1 |
|
|a Riegerová, Jarmila
|4 aut
|9 521926
|
| 245 |
1 |
|
|a Vybrané kapitoly k předmětu školní zdravotnictví
|b pro posl. přírodovědecké fak. UP a DPS
|c Jarmila Riegerová
|
| 260 |
|
|
|a Olomouc
|b Univ. Palackého
|c 1989
|
| 300 |
|
|
|a 33 s.
|c 8°
|
| 650 |
0 |
7 |
|a žiaci
|x biológia
|x psychológia
|x učebnice vysokoškolské
|2 SNK
|9 521927
|
| 958 |
|
|
|a RK
|
| 958 |
|
|
|a OND
|
| 999 |
|
|
|c 805408
|d 807338
|
| 952 |
|
|
|t P60, <04>, [BOOK], {604}
|a SNK
|b SNK
|y VYP
|7 0
|o snkID 89708
|i snkKIP 12563/89
|0 0
|1 0
|4 0
|d 1998-08-19
|l 0
|r 2005-01-02 00:00:00
|w 2026-02-24
|
| 952 |
|
|
|t P60, <04>, [BOOK], {604}
|a SNK
|b SNK
|y VYP
|7 0
|o snkID 89708 D1
|i snkKIP 12564/89
|0 0
|1 0
|4 0
|d 1998-08-19
|l 0
|r 2005-01-02 00:00:00
|w 2026-02-24
|